000 00670nam a2200133Ia 4500
008 171212s9999 xx 000 0 und d
100 _aWipplinger, Jonathan O.
245 _cWipplinger, Jonathan O.
_aThe Jazz Republic
_bMusic, Race, and American Culture in Weimar Germany
260 _bUniversity of Michigan Press
_c2017
440 _aSocial History, Popular Culture, And Politics In Germany
650 _aJazz -- Social aspects -- Germany -- History -- 20th century; Jazz -- Germany -- 1921–1930 -- History and criticism; Germany -- Civilization -- American influences; Music and race -- Germany
650 _aMusic
856 _uhttp://jstor.org/stable/j.ctt1qv5n7m
999 _c353008
_d353008